Statistiques concernant Les 10 joueurs Français avec le meilleur ratio de buts par match.

Cliquez ici pour prendre le quiz!

Statistiques générales

  • Ce quiz a été pris 173 fois
  • Le résultat moyen est 6 sur 10

Statistiques - réponses

RatioJoueursChampionnats% Correct
0.72Kylian MbappeFrance
97%
0.51Karim BenzemaFrance
Espagne
Arabie Saoudite
95%
0.45Thierry HenryFrance
Italie
Angleterre
Espagne
Etats-Unis
80%
0.44Andre-Pierre GignacFrance
Mexique
77%
0.49David TrezeguetFrance
Italie
Espagne
Argentine
Inde
56%
0.43Moussa DembeleAngleterre
Ecosse
France
Espagne
43%
0.44Alexandre LacazetteFrance
Angleterre
42%
0.48Wissam Ben YedderFrance
Espagne
34%
0.44Guillaume HoarauFrance
Chine
Suisse
31%
0.46Bafetimbi GomisFrance
Angleterre
Turquie
Arabie Saoudite
30%

Distribution des résultats

Percentile par nombre de réponses

% des personnes avec chaque résultat

Votre développement - résultats

Vous n’avez pas pris ce quiz